| 000 | 01124nam a2200325Ia 4500 | ||
|---|---|---|---|
| 003 | OSt | ||
| 005 | 20221007121658.0 | ||
| 006 | a|||||r|||| 00| 0 | ||
| 007 | ta | ||
| 008 | 221006b |||||||| |||| 00| 0 eng d | ||
| 020 |
_a0444816232 (hbd) _c _ 309.50 |
||
| 024 | _a4476 | ||
| 037 |
_bApple, _cTextual |
||
| 040 |
_aBDL _cBDL _beng |
||
| 041 |
_2eng _aeng |
||
| 082 | _aI,12:11, M3;N6 | ||
| 100 |
_aBhojwani S S _9420026 |
||
| 245 | 0 |
_aPlant tissue culture: theory and practice by S S Bhojwani and M K Razdan _b Razdan M K |
|
| 250 | _aRev ed | ||
| 260 |
_aAmsterdam _bElsevier _c1996 |
||
| 300 |
_avii,767p _ccm. |
||
| 490 | _aStudies in plant science; 5 | ||
| 500 | _aBibliographical references 603-747p; Indexes 749-767p; ^n23/CSL/Carb/96-97/4208^d1997-03-07^mPurchase; ; 96-97/552^b1997-03-26^c244/96-97^d1997-03-17^eApple Books; ; 1997-04-02^bSB^c1997-04-02 | ||
| 650 | _a Culture | ||
| 650 |
_a Tissue _9712631 |
||
| 650 | _aBotany | ||
| 700 |
_a Razdan M K _9420027 |
||
| 942 |
_hI,12:11, M3;N6 _cTEXL _2CC |
||
| 999 |
_c1209170 _d1209170 |
||